[Event "AUTO-MASTER-914"]
[Site "http://www.queenalice.com/game.php?id=656887"]
[Date "2009.9.23"]
[Round "1"]
[White "arvo1938"]
[Black "Moquiche"]
[Result "1-0"]
[WhiteElo "2121"]
[BlackElo "2057"]

1. Nf3 d5 2. d4 e6 3. g3 Nf6 4. Bg2 c5 5. O-O Nc6 6. Bg5 Qb6 7. b3 cxd4 8. Bxf6
gxf6 9. c3 dxc3 10. Nxc3 f5 11. Rc1 Bd7 12. e3 O-O-O 13. Na4 Qa5 14. Qd4 Ba3 15.
Rc2 Kb8 16. Qd1 Nb4 17. Rc5 Qa6 18. Qd4 Bxa4 19. bxa4 Nc6 20. Rxc6 bxc6 21. Ne5
Rhf8 22. Qc3 Qxa4 23. Nxc6+ Ka8 24. Nxd8 Rxd8 25. Bf3 Bd6 26. Rb1 Qd7 27. Qg7
Bc5 28. Qxh7 e5 29. Bg2 Qe6 30. Bh3 Qg6 31. Bxf5 Qf6 32. h4 Rh8 33. Be6 Rd8 34.
Bxf7 Bb6 35. Rd1 d4 36. Bg6 1-0

[Event "erig1969"]
[Site "http://www.queenalice.com/game.php?id=660284"]
[Date "2009.9.29"]
[Round "3"]
[White "Moquiche"]
[Black "thw"]
[Result "1-0"]
[WhiteElo "2024"]
[BlackElo "2004"]

1. d4 e6 2. e3 c5 3. Nf3 Nc6 4. Bb5 a6 5. Bxc6 dxc6 6. Nc3 cxd4 7. exd4 Nf6 8.
a4 Bd6 9. Bg5 h6 10. Bxf6 Qxf6 11. Ne4 Qe7 12. Nxd6+ Qxd6 13. Ne5 Qb4+ 14. c3
Qxb2 15. Rc1 Qa2 16. O-O Qd5 17. Qg4 O-O 18. Qg3 b5 19. Ng4 Kh8 20. axb5 cxb5
21. Rfe1 Bb7 22. Re5 Qc6 23. Rh5 Kh7 24. f3 Rad8 25. Nf6+ Kh8 26. Qf4 1-0

[Event "AUTO-ADV-1383"]
[Site "http://www.queenalice.com/game.php?id=673550"]
[Date "2009.10.27"]
[Round "2"]
[White "Carl_Flemming"]
[Black "Moquiche"]
[Result "0-1"]
[WhiteElo "1955"]
[BlackElo "2057"]

1. e4 c5 2. Nf3 d6 3. d4 cxd4 4. Nxd4 e5 5. Bb5+ Bd7 6. Bxd7+ Nxd7 7. Nb3 Ngf6
8. Nc3 Nc5 9. Bg5 Nxb3 10. axb3 Be7 11. O-O O-O 12. Qf3 Nd7 13. Be3 b6 14. Qg3
Kh8 15. Nd5 Nf6 16. c4 Nxe4 17. Qh3 Bg5 18. f4 exf4 19. Bxf4 Bxf4 20. Rxf4 Ng5
21. Qc3 Qc8 22. Raf1 Qc5+ 23. Kh1 Rae8 24. h4 Ne4 25. Qd3 f5 26. Rxf5 Rxf5 27.
Rxf5 Nf2+ 28. Rxf2 Qxf2 29. Qh3 Qxb2 30. Qd7 Re1+ 31. Kh2 Qe5+ 32. g3 Qe2+ 33.
Kh3 Rh1# 0-1

[Event "AUTO-ADV-1383"]
[Site "http://www.queenalice.com/game.php?id=673551"]
[Date "2009.10.27"]
[Round "2"]
[White "Moquiche"]
[Black "Carl_Flemming"]
[Result "1-0"]
[WhiteElo "2104"]
[BlackElo "1989"]

1. d4 c6 2. c4 d5 3. e3 Bf5 4. Nc3 a6 5. cxd5 cxd5 6. Qb3 Qd7 7. Qxd5 e6 8.
Qxd7+ Nxd7 9. g3 Bb4 10. Bg2 Rb8 11. Ne2 Ngf6 12. O-O O-O 13. a3 Be7 14. e4 Bg6
15. e5 Ne8 16. Bf4 Bd3 17. Rfd1 Bc4 18. d5 g5 19. Be3 Nxe5 20. dxe6 Bxe6 21. Ba7
Rc8 22. Bxb7 Rc7 23. Bb8 Rxb7 24. Bxe5 Rxb2 25. Nd5 Bxd5 26. Bxb2 Bf3 27. Re1
Ng7 28. Bxg7 Kxg7 29. Nc1 Bf6 30. Rb1 h5 31. Nb3 h4 32. Nc5 Ra8 33. Nd7 Bc3 34.
Re3 Bg4 35. Nb6 Rd8 36. Rxc3 hxg3 37. Rxg3 Bf5 38. Rc1 Kh6 39. Re1 f6 40. Nc4
Bc8 41. Rge3 Rd4 42. Rc3 Bb7 43. Ne3 Kh5 44. Nf5 Rg4+ 45. Rg3 Rf4 46. Ng7+ Kg6
47. Re7 Bd5 48. Ne6 Re4 49. Nf8+ Kf5 50. Rxe4 Bxe4 51. Rb3 Kg4 52. Nd7 Kf5 53.
Rb6 Bd3 54. Rxf6+ Ke4 55. Nc5+ Ke5 56. Rb6 Be2 57. Re6+ 1-0

[Event "AUTO-ADV-1383"]
[Site "http://www.queenalice.com/game.php?id=673554"]
[Date "2009.10.27"]
[Round "2"]
[White "tolley"]
[Black "Moquiche"]
[Result "0-1"]
[WhiteElo "2039"]
[BlackElo "2063"]

1. e4 c5 2. d4 cxd4 3. Qxd4 Nf6 4. Bf4 d6 5. Nf3 e5 6. Bxe5 dxe5 7. Qxd8+ Kxd8
8. Nxe5 Be6 9. Nc3 Nbd7 10. f4 Nxe5 11. fxe5 Nd7 12. O-O-O Kc8 13. Nd5 Nxe5 14.
Bb5 Bxd5 15. Rxd5 f6 16. Rhd1 Kc7 17. Bd7 Rd8 18. Be6 Rxd5 19. exd5 Bd6 20. b3
b5 21. Rd4 Ng6 22. g3 Kb6 23. c4 Bc5 24. Rd1 bxc4 25. bxc4 Ne5 26. d6 Rd8 27. d7
Kc7 28. Kc2 Nf3 29. Kc3 a5 30. Rd5 Bb4+ 31. Kb3 Nd2+ 32. Kc2 Nxc4 33. Rh5 h6 34.
Rh4 Ne5 0-1

[Event "AUTO-ADV-1383"]
[Site "http://www.queenalice.com/game.php?id=673555"]
[Date "2009.10.27"]
[Round "2"]
[White "Moquiche"]
[Black "tolley"]
[Result "1/2-1/2"]
[WhiteElo "2058"]
[BlackElo "2038"]

1. d4 d5 2. e3 Nc6 3. c4 e5 4. dxe5 Nxe5 5. cxd5 Bb4+ 6. Nc3 Bxc3+ 7. bxc3 Qf6
8. Qb3 Ne7 9. Bb5+ Bd7 10. Bxd7+ Nxd7 11. Ne2 O-O 12. Ba3 Nb6 13. Bxe7 Qxe7 14.
O-O Qc5 15. Rad1 Rad8 16. e4 c6 17. dxc6 bxc6 18. Rd4 Rb8 19. Rfd1 Nd5 20. Qc4
Qxc4 21. Rxc4 Rfe8 22. exd5 cxd5 23. Rcd4 Rxe2 24. Rxd5 Rbe8 25. Kf1 Rxa2 26.
Rd8 Kf8 27. Rxe8+ Kxe8 28. c4 a5 29. Rd5 Rc2 1/2-1/2

[Event "AUTO-ADV-1383"]
[Site "http://www.queenalice.com/game.php?id=673556"]
[Date "2009.10.27"]
[Round "2"]
[White "Parma"]
[Black "Moquiche"]
[Result "0-1"]
[WhiteElo "1893"]
[BlackElo "2039"]

1. d4 d5 2. c4 dxc4 3. e3 Nf6 4. Bxc4 e6 5. Nf3 Bd6 6. O-O O-O 7. Nc3 Nc6 8. a3
Nd5 9. Bxd5 exd5 10. h3 Ne7 11. b4 c6 12. Bb2 Nf5 0-1

[Event "AUTO-ADV-1383"]
[Site "http://www.queenalice.com/game.php?id=673557"]
[Date "2009.10.27"]
[Round "2"]
[White "Moquiche"]
[Black "Parma"]
[Result "1-0"]
[WhiteElo "2049"]
[BlackElo "1837"]

1. d4 e6 2. c4 Nf6 3. e3 d5 4. Nf3 c5 5. Nc3 dxc4 6. Bxc4 cxd4 7. exd4 a6 8. Bg5
Be7 9. Bxf6 Bxf6 10. d5 Bxc3+ 11. bxc3 exd5 12. Qxd5 Qe7+ 13. Kd2 O-O 14. Kc2
Be6 15. Qe4 Nc6 16. Bxe6 fxe6 17. Rhe1 Rf6 18. Re2 1-0

[Event "Challenge"]
[Site "http://www.queenalice.com/game.php?id=741432"]
[Date "2010.3.5"]
[Round "-"]
[White "mestredosmagos"]
[Black "Moquiche"]
[Result "0-1"]
[WhiteElo "1718"]
[BlackElo "2104"]

1. g3 e6 2. Bg2 d5 3. Nf3 c5 4. O-O Nf6 5. d3 h6 6. Qd2 Be7 7. Qc3 O-O 8. Bf4 d4
9. Qd2 Nc6 10. Qd1 a6 11. Be5 Ng4 12. Bh3 Ngxe5 13. Nxe5 Nxe5 14. Nd2 b5 15. Nf3
Nxf3+ 16. exf3 e5 17. Bg2 Rb8 18. Qe1 Bf6 19. a4 b4 20. b3 Bb7 21. c4 dxc3 22.
Qd1 e4 23. fxe4 c2 24. Qxc2 Bxa1 25. Rxa1 Qd4 26. Re1 Rfe8 27. h3 f5 28. h4 Rbd8
29. Rd1 fxe4 30. Kh2 Bc8 31. f3 exd3 32. Qd2 Re2 33. Qc1 Qf2 34. Rg1 d2 35. Qd1
Re1 36. Rf1 Rxf1 37. Qxf1 Qxf1 38. Bxf1 d1=Q 39. Bg2 Rd2 40. g4 Qxf3 41. Kh1
Qxg2# 0-1

[Event "AUTO-OPEN-1901"]
[Site "http://www.queenalice.com/game.php?id=742009"]
[Date "2010.3.6"]
[Round "1"]
[White "augustoluizheck"]
[Black "Moquiche"]
[Result "0-1"]
[WhiteElo "1457"]
[BlackElo "2111"]

1. e4 c5 2. Nf3 e6 3. d4 cxd4 4. Nxd4 e5 5. Nf3 d6 6. Nc3 Nf6 7. Bb5+ Nc6 8. O-O
Be7 9. Bg5 a6 10. Bxc6+ bxc6 11. Qe2 a5 12. Na4 Ba6 13. Qe3 Bxf1 14. Kxf1 Ng4
15. Qc3 c5 16. Bxe7 Qxe7 17. Rd1 O-O 18. h3 Nf6 19. Qc4 Rab8 20. a3 Rfd8 21. c3
Qb7 22. Ng5 h6 23. Nf3 Qxe4 24. Qxe4 Nxe4 25. Ke2 f5 26. g4 fxg4 27. hxg4 Nf6
28. g5 e4 29. gxf6 exf3+ 30. Kxf3 gxf6 31. Rd5 Kg7 32. b4 axb4 33. cxb4 cxb4 34.
axb4 Rxb4 35. Nc3 Rb3 0-1

[Event "AUTO-OPEN-1901"]
[Site "http://www.queenalice.com/game.php?id=742010"]
[Date "2010.3.6"]
[Round "1"]
[White "Moquiche"]
[Black "augustoluizheck"]
[Result "1-0"]
[WhiteElo "2087"]
[BlackElo "1417"]

1. d4 d5 2. e3 Nf6 3. Nf3 Nc6 4. c4 Bg4 5. cxd5 Nxd5 6. Be2 e5 7. dxe5 Bb4+ 8.
Bd2 a5 9. Bb5 O-O 10. Bxc6 bxc6 11. O-O Bxf3 12. Qxf3 Bxd2 13. Nxd2 f6 14. exf6
Rxf6 15. Qe2 Rb8 16. Nc4 a4 17. Rad1 Qf8 18. Ne5 Re8 19. Nd7 Rxe3 20. fxe3 Rxf1+
21. Rxf1 Nf6 22. Nxf8 1-0

[Event "AUTO-OPEN-1901"]
[Site "http://www.queenalice.com/game.php?id=742033"]
[Date "2010.3.6"]
[Round "1"]
[White "Moquiche"]
[Black "KennyB"]
[Result "1-0"]
[WhiteElo "2095"]
[BlackElo "1943"]

1. d4 e6 2. c4 d5 3. e3 Nf6 4. Nf3 Nc6 5. cxd5 exd5 6. Be2 Bd6 7. O-O O-O 8. Nc3
Bf5 9. Kh1 Re8 10. Qb3 Na5 11. Qa4 b6 12. a3 Re7 13. b4 Nb7 14. Bb5 Ne4 15. Nxd5
Re6 16. Bd7 c5 17. Bxe6 Bxe6 18. dxc5 Bxd5 19. cxd6 Nbxd6 20. Nd4 Qg5 21. f3 Nf6
22. e4 Bc4 23. Bxg5 1-0

[Event "AUTO-OPEN-1901"]
[Site "http://www.queenalice.com/game.php?id=742034"]
[Date "2010.3.6"]
[Round "1"]
[White "KennyB"]
[Black "Moquiche"]
[Result "0-1"]
[WhiteElo "1901"]
[BlackElo "2097"]

1. e4 c5 2. Nf3 e6 3. d4 cxd4 4. Nxd4 Nf6 5. Nc3 Bb4 6. Bg5 Qa5 7. Qd3 Qxg5 8.
Qf3 Bxc3+ 9. bxc3 Qc5 10. Be2 Nxe4 11. O-O Nd2 12. Qg3 O-O 13. Rfd1 Ne4 14. Qd3
e5 15. Qxe4 exd4 16. cxd4 Qg5 17. Bd3 g6 18. c3 d5 19. Qe2 Nc6 20. Rf1 Bf5 21.
Rfe1 Bxd3 22. Qxd3 Rfe8 23. Rab1 Rxe1+ 24. Rxe1 a6 25. Qf3 Kg7 26. h3 Rd8 27.
Re3 b5 28. Qe2 Na5 29. Re7 Nc4 30. Qf3 Qxe7 0-1

[Event "AUTO-OPEN-1901"]
[Site "http://www.queenalice.com/game.php?id=742035"]
[Date "2010.3.6"]
[Round "1"]
[White "Moquiche"]
[Black "viniciussantos"]
[Result "1-0"]
[WhiteElo "2105"]
[BlackElo "1696"]

1. d4 Nf6 2. c4 c6 3. e3 d5 4. Nf3 g6 5. Nc3 Bg7 6. cxd5 cxd5 7. Qa4+ Bd7 8. Bb5
a6 9. Bxd7+ Nbxd7 10. Qb3 b5 11. Nxd5 Nxd5 12. Qxd5 O-O 13. O-O Nf6 14. Qxd8
Rfxd8 15. a4 b4 16. a5 Ne4 17. b3 Rdc8 18. Bd2 Rab8 19. Be1 Rc2 20. Ra4 Nc3 21.
Bxc3 Rxc3 22. Rb1 Bf6 23. Nd2 e5 24. Ne4 Rc6 25. d5 1-0

[Event "AUTO-OPEN-1901"]
[Site "http://www.queenalice.com/game.php?id=742036"]
[Date "2010.3.6"]
[Round "1"]
[White "viniciussantos"]
[Black "Moquiche"]
[Result "0-1"]
[WhiteElo "1690"]
[BlackElo "2093"]

1. e4 c5 2. Nf3 e6 3. Nc3 Nc6 4. Bc4 Nf6 5. O-O Be7 6. d3 d5 7. exd5 Nxd5 8.
Bxd5 exd5 9. Re1 O-O 10. Bd2 Bf6 11. Rb1 Be6 12. a3 a6 13. h3 Bxc3 14. Bxc3 Qb6
15. Ng5 Rae8 16. Rxe6 fxe6 17. Bxg7 Kxg7 18. Qh5 h6 0-1

[Event "AUTO-MASTER-1064"]
[Site "http://www.queenalice.com/game.php?id=742275"]
[Date "2010.3.7"]
[Round "1"]
[White "Moquiche"]
[Black "goldaric"]
[Result "1-0"]
[WhiteElo "2089"]
[BlackElo "1893"]

1. d4 Nc6 2. d5 Ne5 3. e4 e6 4. dxe6 fxe6 5. Qh5+ Ng6 6. e5 Qh4 7. Qxh4 Nxh4 8.
g3 Nf5 9. Nf3 Bc5 10. Bd3 Nge7 11. Nc3 Nc6 12. Bxf5 exf5 13. Nd5 Bb6 14. Be3
Bxe3 15. Nxc7+ Kd8 16. Nxa8 Bc5 17. e6 dxe6 18. Rd1+ Bd7 19. Ng5 Kc8 20. c3 h6
21. Nf3 Be8 22. b4 Be7 23. b5 Na5 24. b6 Ba4 25. bxa7 Bxd1 26. Kxd1 Rd8+ 27. Kc2
Bc5 28. Nb6+ 1-0

[Event "AUTO-MASTER-1064"]
[Site "http://www.queenalice.com/game.php?id=742276"]
[Date "2010.3.7"]
[Round "1"]
[White "goldaric"]
[Black "Moquiche"]
[Result "0-1"]
[WhiteElo "1884"]
[BlackElo "2106"]

1. e4 c5 2. Nf3 e6 3. c3 Nc6 4. Be2 Nf6 5. e5 Ng4 6. d4 cxd4 7. cxd4 Qa5+ 8. Bd2
Bb4 9. O-O Bxd2 10. Nfxd2 Nh6 11. Nc3 Nxd4 12. Nc4 Nxe2+ 13. Nxe2 Qd8 14. Nd6+
Kf8 15. Rc1 Ng8 16. Qc2 Ne7 17. b4 g6 18. g4 Kg7 19. Qd2 Nd5 20. Nf4 Qh4 21. f3
Qh6 22. Rc4 b6 23. a4 a6 24. Rd1 b5 25. axb5 axb5 26. Nxb5 Ba6 27. Nxd5 Bxb5 28.
Qxh6+ Kxh6 29. Rc5 Ba4 30. Nc7 Bxd1 31. Nxa8 Rxa8 32. b5 Bxf3 33. Rc7 Bxg4 34.
b6 Rb8 35. Rxd7 Kg7 36. Rd4 Bf3 37. Rb4 g5 38. Kf2 Bd5 39. Kg3 h5 40. h3 Kg6 41.
h4 g4 42. Kf4 Rc8 43. Rb2 Rc3 0-1

[Event "AUTO-MASTER-1064"]
[Site "http://www.queenalice.com/game.php?id=742277"]
[Date "2010.3.7"]
[Round "1"]
[White "Moquiche"]
[Black "the_knife"]
[Result "0-1"]
[WhiteElo "2113"]
[BlackElo "2181"]

1. d4 Nf6 2. c4 e6 3. e3 d5 4. Nf3 c6 5. Be2 Nbd7 6. O-O dxc4 7. Bxc4 b5 8. Bb3
Bb7 9. Nc3 a6 10. e4 b4 11. e5 bxc3 12. exf6 Nxf6 13. bxc3 Be7 14. Bg5 O-O 15.
Ne5 c5 16. dxc5 Bxc5 17. Bxf6 Qxf6 18. Nd7 Qg5 19. g3 Rfd8 20. Ba4 Qf5 21. Rb1
Bf3 22. Bc2 Qh5 23. Qd3 Rxd7 24. Qxh7+ Qxh7 25. Bxh7+ Kxh7 26. h3 Rd2 0-1

[Event "AUTO-MASTER-1064"]
[Site "http://www.queenalice.com/game.php?id=742278"]
[Date "2010.3.7"]
[Round "1"]
[White "the_knife"]
[Black "Moquiche"]
[Result "1-0"]
[WhiteElo "2184"]
[BlackElo "2112"]

1. d4 d5 2. Nc3 e6 3. e4 c5 4. exd5 exd5 5. dxc5 d4 6. Bb5+ Nc6 7. Bxc6+ bxc6 8.
Nce2 Bxc5 9. Nf3 Qa5+ 10. Bd2 Qb6 11. O-O Qxb2 12. Re1 Ne7 13. Nexd4 Bxd4 14.
Nxd4 O-O 15. Nb3 Qf6 16. Bb4 Be6 17. Nd4 Rfc8 18. Bxe7 Qxe7 19. Qe2 Qf6 20. Nxe6
Re8 21. Qe5 Rxe6 22. Qxf6 Rxf6 23. Rab1 g6 24. f3 Rd8 25. Kf2 Rd2+ 26. Re2 Rxe2+
27. Kxe2 Rf5 28. Rb4 Rh5 29. h4 Rc5 30. Kd3 Ra5 31. Rc4 Ra3+ 32. Rc3 Rxa2 33.
Rxc6 a5 34. h5 a4 35. h6 f5 36. Rc7 Ra1 37. Rg7+ Kf8 38. Rxh7 a3 39. Ra7 Rh1 40.
h7 a2 41. Rxa2 Rxh7 42. Ra8+ Kg7 43. Ra7+ 1-0

[Event "AUTO-MASTER-1064"]
[Site "http://www.queenalice.com/game.php?id=742279"]
[Date "2010.3.7"]
[Round "1"]
[White "Moquiche"]
[Black "technicaldraw"]
[Result "0-1"]
[WhiteElo "2103"]
[BlackElo "2061"]

1. d4 Nf6 2. c4 g6 3. e3 Bg7 4. Nf3 c5 5. Bd3 O-O 6. O-O cxd4 7. exd4 d5 8. Nc3
Nc6 9. h3 b6 10. cxd5 Nxd5 11. Be4 Nxc3 12. bxc3 Bb7 13. Bf4 Na5 14. Bxb7 Nxb7
15. Re1 b5 16. Qe2 Re8 17. Qxb5 Nd6 18. Bxd6 Qxd6 19. Rab1 a6 20. Qa5 Rab8 21.
Nd2 Rxb1 22. Rxb1 Rb8 23. Rxb8+ Qxb8 24. Qxa6 Qb2 25. Qa8+ Bf8 26. Ne4 Qc1+ 27.
Kh2 Qf4+ 28. g3 Qf3 29. Kg1 e6 30. Qc6 Kg7 31. Qb7 Kg8 32. Nd6 Qd1+ 33. Kg2 Bxd6
34. Qa8+ Kg7 35. a4 Qb3 36. Qc6 Qd5+ 37. Qxd5 exd5 38. Kf3 Bc7 39. Ke3 Kf6 40.
Kd3 Ke6 41. c4 dxc4+ 42. Kxc4 Kd6 43. f4 f5 44. Kd3 Kd5 45. Ke3 Bb6 46. Kd3 Bxd4
47. a5 h5 48. h4 Bc5 49. a6 Ba7 50. Kc3 Ke4 51. Kc4 Kf3 52. Kd5 Kxg3 53. Ke6
Kxf4 54. Kf6 Kg4 0-1

[Event "AUTO-MASTER-1064"]
[Site "http://www.queenalice.com/game.php?id=742280"]
[Date "2010.3.7"]
[Round "1"]
[White "technicaldraw"]
[Black "Moquiche"]
[Result "0-1"]
[WhiteElo "2054"]
[BlackElo "2078"]

1. e4 c5 2. Nf3 e6 3. d4 cxd4 4. Nxd4 Nf6 5. Nc3 Bb4 6. e5 Nd5 7. Bd2 Qc7 8.
Nxd5 Qxe5+ 9. Ne3 Qxd4 10. c3 Qe5 11. cxb4 Qxb2 12. Bc4 d5 13. Rb1 Qe5 14. Be2
d4 15. Nc4 Qd5 16. Bf3 Qd7 17. O-O O-O 18. Bf4 Nc6 19. Bxc6 Qxc6 20. Ne5 Qd5 21.
a4 f6 22. Nf3 e5 23. Bg3 Bg4 24. Qb3 Qxb3 25. Rxb3 Rac8 26. Ne1 Be2 27. Nd3 Bxf1
28. Kxf1 Rc3 29. Rxc3 dxc3 30. f3 Rd8 31. Ke2 c2 32. Kd2 Rxd3+ 33. Kxc2 Ra3 0-1

[Event "AUTO-OPEN-1901"]
[Site "http://www.queenalice.com/game.php?id=852739"]
[Date "2010.10.31"]
[Round "2"]
[White "ppeteleco"]
[Black "Moquiche"]
[Result "1-0"]
[WhiteElo "2480"]
[BlackElo "2107"]

1. e4 c5 2. Nf3 d6 3. Bc4 Nc6 4. O-O Nf6 5. Nc3 e6 6. d4 cxd4 7. Nxd4 Be7 8. Be3
O-O 9. f3 d5 10. exd5 exd5 11. Bb3 Be6 12. Re1 Bb4 13. Qd3 Ne5 14. Qd2 Rc8 15.
Nxe6 fxe6 16. Bxa7 Qc7 17. a3 Bxc3 18. Qxc3 Qxc3 19. bxc3 Nc6 20. Bf2 Kf7 21.
Rab1 Na5 22. Bd4 Nd7 23. Ba2 1-0

[Event "AUTO-OPEN-1901"]
[Site "http://www.queenalice.com/game.php?id=852740"]
[Date "2010.10.31"]
[Round "2"]
[White "Moquiche"]
[Black "ppeteleco"]
[Result "0-1"]
[WhiteElo "2106"]
[BlackElo "2481"]

1. d4 Nf6 2. e3 e6 3. c4 Nc6 4. Nf3 Bb4+ 5. Nbd2 d5 6. cxd5 exd5 7. Bb5 Bd7 8.
O-O O-O 9. a3 Bd6 10. Re1 Ne7 11. Bxd7 Qxd7 12. e4 dxe4 13. Nxe4 Nxe4 14. Rxe4
Qf5 15. Re2 Rfe8 16. Be3 Nd5 17. Qb3 Nf4 18. Rd2 Nxg2 19. Kxg2 Qg4+ 20. Kf1 Qxf3
21. Re1 Bxh2 22. d5 Re5 23. Qxb7 Rae8 0-1

[Event "AUTO-OPEN-1901"]
[Site "http://www.queenalice.com/game.php?id=852745"]
[Date "2010.10.31"]
[Round "2"]
[White "cass"]
[Black "Moquiche"]
[Result "0-1"]
[WhiteElo "1771"]
[BlackElo "2105"]

1. e4 e5 2. Nf3 Nc6 3. c3 d6 4. d4 exd4 5. Nxd4 Nxd4 6. cxd4 Nf6 7. Bb5+ c6 8.
Bd3 Be7 9. Nc3 O-O 10. O-O b5 11. d5 b4 12. Na4 cxd5 13. Qf3 dxe4 14. Bxe4 Nxe4
15. Qxe4 d5 16. Qd4 Qa5 17. b3 Bf6 18. Qc5 Qxc5 19. Nxc5 Bxa1 20. Nd3 Ba6 21.
Rd1 Bxd3 22. Rxd3 Rac8 23. Rd1 d4 24. Bd2 Bc3 25. Bf4 Rfe8 26. Kf1 d3 27. g3 d2
28. Kg2 Re1 29. Rxd2 Bxd2 0-1

[Event "AUTO-OPEN-1901"]
[Site "http://www.queenalice.com/game.php?id=852746"]
[Date "2010.10.31"]
[Round "2"]
[White "Moquiche"]
[Black "cass"]
[Result "1-0"]
[WhiteElo "2102"]
[BlackElo "1787"]

1. d4 e6 2. e3 Nf6 3. c4 d5 4. Nf3 Bb4+ 5. Bd2 Nc6 6. cxd5 Nxd5 7. Bd3 O-O 8.
O-O g6 9. e4 Bxd2 10. exd5 Nxd4 11. Nxd4 Qxd5 12. Qxd2 Qxd4 13. Nc3 Rd8 14. Rad1
e5 15. Qh6 Qd6 16. Ne4 Qe6 17. Ng5 Qxa2 18. Bc4 Qxc4 19. Rxd8# 1-0